000 00324nam a22001457a 4500
008 210429b ||||| |||| 00| 0 eng d
020 _a9780073379333
041 _aeng
080 _a330.722.6
082 _a330.722.6
100 _a61
101 _aKF
245 _aFinancial Accounting
_cSpiceland, D
942 _2udc
_cBK
999 _c57023
_d57023